| 000 | 00839nam a2200229 i 4500 | ||
|---|---|---|---|
| 001 | 67192 | ||
| 003 | ES-MaACL | ||
| 005 | 20230906170008.0 | ||
| 007 | t| | ||
| 008 | 040511s1986 cc ||||1| spa d | ||
| 080 | _a329.15(51) | ||
| 100 | 1 |
_aYin, Ching-Yao. _9117637 |
|
| 245 | 1 | 0 |
_aAnálisis de la conferencia nacional del Partido Comunista Chino / _cpor Yin Ching-Yao, Chang Cheng-Pang, Hung Yu-Chiao. |
| 260 |
_aRepública China : _bLiga Mundial Anticomunista, Capítulo Chino : _bLiga Anticomunista de Asia y del Pacífico Asiático, _c1986. |
||
| 300 |
_a62 p. ; _c19 cm. |
||
| 610 | 2 | 7 |
_aPartido Comunista Chino. _96134 |
| 650 | 4 |
_aComunismo- _zChina. _911215 |
|
| 700 | 1 |
_aChang, Chen-pang. _937962 |
|
| 700 | 1 |
_aHung, Yu-chiao. _964735 |
|
| 710 | 2 |
_aWorld Anti-Communist League. _97573 |
|
| 852 |
_aES-MaACL _j2177-F-3 _bR.112265 |
||
| 999 |
_c67192 _d67192 |
||